Music Quiz

Random Music or Song Quiz

Mis-Matched U2 Songs Quiz Stats

Quiz not verified by Sporcle

Challenge
Share
Tweet
Score 0/18 Timer 02:00
0 Plays Today
% Correct
I Still Haven't Found Your Crashed Car
90.4%
Where the Streets Follow
87.6%
With or Without Blinding Lights
85.4%
Angel of the Disappeared
85%
Beautiful World
78.1%
New Year's and America
77%
If God Will Send His Real Thing
73.6%
The Playboy Ways
72.1%
Last Night of July
71.2%
% Correct
The Unforgettable World
70.2%
Van Diemen's Wild Horses
69.5%
Red Hill Country
68.5%
Two Hearts Beat Down
66.5%
Love Is You
65.9%
Trip Through a Moment You Can't Get Out Of
64.6%
I Threw a Brick at the Sun
59.4%
A Sort of Stand Still
57.7%
So Loved
52.8%

You're not logged in!

Compare scores with friends on all Sporcle quizzes.
Sign Up with Email
OR
Log In

You Might Also Like...

Show Comments

Extras

Top Quizzes Today


Score Distribution

Your Account Isn't Verified!

In order to create a playlist on Sporcle, you need to verify the email address you used during registration. Go to your Sporcle Settings to finish the process.